Estatísticas para Estados e Territórios da Austrália

Clique aqui para jogar o quiz

Estatísticas Gerais

  • Esse quiz foi jogado 1 005 vezes
  • A pontuação média é 6 de 8

Respostas no mapa

Respostas codificadas por cores de uma escala verde-vermelha no mapa do quiz de acordo com a % correta abaixo.
 

Estatísticas das Respostas

Estado ou Território% Correto
Tasmânia
91%
Queensland
80%
Austrália Ocidental
72%
Vitória
70%
Austrália Meridional
67%
Nova Gales do Sul
67%
Território da Capital Australiana
61%
Território do Norte
59%

Distribuição das Pontuações

Percentil de Números Respondidos

Porcentagem de Pessoas com Cada Pontuação

Sua Pontuação Histórica

Você não jogou esse quiz